| 000 | 00000nam##2200000za#4500 |
| 001 | 9.565426 |
| 003 | CaOODSP |
| 005 | 20210624175812 |
| 007 | cr ||||||||||| |
| 008 | 150406|2007||||xxc|||||o f|0| 0 eng|d |
| 040 | |aCaOODSP|beng |
| 043 | |an-cn--- |
| 086 | 1 |aTU3-5/05-3E-PDF |
| 110 | 2 |aTransportation Safety Board of Canada. |
| 245 | 10|aRunway overrun and fire, Air France Airbus A340-313 F-GLZQ, Toronto/Lester B. Pearson International Airport, Ontario, 02 August 2005 |h[electronic resource] |
| 260 | |aGatineau - Quebec : |bTransportation Safety Board of Canada |cc2007. |
| 300 | |a152p.|bfigs., glossary, tables, photographs |
| 490 | 1 |aAviation investigation report |vA05H0002 |
| 500 | |aThe catalogue number (TU3-5/05-3E) and ISBN (978-0-662-47298-8) for the print edition have been incorrectly copied in this PDF edition. |
| 590 | |a09-07|b2009-02-13 |
| 690 | 07|aAircraft accidents|2gcpds |
| 775 | 08|tSortie en bout de piste et incendie de l'Airbus A340-313 F-GLZQ exploité par Air France à l'aéroport international de Toronto/Lester B. Pearson (Ontario) le 2 août 2005 |w(CaOODSP)9.597439 |
| 776 | 0#|tRunway overrun and fire, Air France Airbus A340-313 F-GLZQ, Toronto/Lester B. Pearson International Airport, Ontario, 02 August 2005 |w(CaOODSP)9.618556 |
| 785 | 00|tAviation investigation update |w(CaOODSP)9.566420 |
| 830 | #0|aAviation investigation report ;|vA05H0002|w(CaOODSP)9.504825 |
| 856 | 40|ahttp://publications.gc.ca|qPDF|s4678 KB|uhttps://publications.gc.ca/collections/collection_2009/bst-tsb/TU3-5-05-3E.pdf|yA05H0002 |